| 000 | 00486ntaaa2200193 4500 | ||
|---|---|---|---|
| 003 | 01 | ||
| 005 | 20251027202023.0 | ||
| 008 | 0714s1973 ag 01 | ||
| 040 |
_aAR-BaBN _bspa _cAR-BaBN _eaacr _dRIC |
||
| 082 | _a248.8300 B68 | ||
| 100 |
_aBowman, Clarice M _918866 |
||
| 245 | _aWays youth learn | ||
| 250 | _a1 ed. | ||
| 260 |
_aNew York : _bHarper and Row, _cc1952 |
||
| 300 | _a189 p | ||
| 500 | _aComo aprenden los jóvenes cristianos | ||
| 650 |
_ajóvenes _91664 |
||
| 942 | _cBK | ||
| 999 |
_c15001 _d15001 |
||